Loading...
Science - Chemistry | 0 | 6 | 0 | 1 | 60 | 74 | 85.50 | 0 | 0 |
Literature - American Literature | 0 | 5 | 0 | 0 | 50 | 58 | 81.80 | 0 | 1 |
History - World History | 0 | 4 | 0 | 1 | 40 | 70 | 85.75 | 0 | 0 |
Literature - World Literature | 0 | 4 | 1 | 1 | 35 | 100 | 110.00 | 0 | 0 |
Current Events | 0 | 3 | 0 | 0 | 30 | 71 | 88.67 | 0 | 0 |
Science - Biology | 0 | 5 | 4 | 1 | 30 | 45 | 72.60 | 0 | 1 |
Fine Arts - Classical Music | 0 | 3 | 1 | 0 | 25 | 89 | 96.00 | 0 | 0 |
Social Science | 0 | 2 | 0 | 0 | 20 | 71 | 77.00 | 0 | 2 |
Painting/Sculpture | 0 | 2 | 0 | 1 | 20 | 41 | 81.50 | 1 | 1 |
Literature - European Literature | 0 | 1 | 0 | 0 | 10 | 124 | 124.00 | 0 | 0 |
Mythology | 0 | 1 | 0 | 1 | 10 | 115 | 115.00 | 0 | 0 |
Philosophy | 0 | 1 | 0 | 0 | 10 | 101 | 101.00 | 0 | 0 |
Pop Culture | 0 | 1 | 0 | 0 | 10 | 38 | 38.00 | 0 | 1 |
Religion | 0 | 1 | 0 | 0 | 10 | 99 | 99.00 | 0 | 0 |
Science - Physics | 0 | 1 | 0 | 0 | 10 | 101 | 101.00 | 0 | 0 |
History - Other History | 0 | 1 | 1 | 0 | 5 | 79 | 79.00 | 0 | 0 |
Fine Arts - Other Fine Arts | 0 | 1 | 1 | 0 | 5 | 82 | 82.00 | 0 | 0 |
Science - Other Science | 0 | 1 | 1 | 1 | 5 | 105 | 105.00 | 0 | 0 |
History - European History | 0 | 0 | 1 | 0 | -5 | 0.00 | 0 | 0 | |
Literature - British Literature | 0 | 0 | 2 | 0 | -10 | 0.00 | 0 | 0 |